Kỹ thuật mài kim loại /

Giáo trình được biên soạn gồm 2 nội dung chính:

Đã lưu trong:
Bibliografiske detaljer
Hovedforfatter: Lưu Văn Nhang
Format: Bog
Sprog:Vietnamese
Udgivet: H. : Khoa học kỹ thuật , 2003
Udgivelse:In lần thứ 1
Fag:
Tags: Tilføj Tag
Ingen Tags, Vær først til at tagge denne postø!
Thư viện lưu trữ: Thư viện Trường CĐ Kỹ Thuật Cao Thắng
LEADER 01153nam a2200229 a 4500
001 TVCDKTCT2248
003 Thư viện trường Cao đẳng Kỹ thuật Cao Thắng
005 20050815000000
008 050815
980 \ \ |a Thư viện Trường CĐ Kỹ Thuật Cao Thắng 
024 |a RG_1 #1 eb0 i1 i5 
041 0 # |a vie 
082 # # |a 621.92 /   |b L559N-k 
100 1 # |a Lưu Văn Nhang 
245 0 0 |a Kỹ thuật mài kim loại /  |c Lưu Văn Nhang 
250 # # |a In lần thứ 1 
260 # # |a H. :  |b Khoa học kỹ thuật ,  |c 2003 
300 # # |a 237tr. ;  |c 24cm 
520 # # |a Giáo trình được biên soạn gồm 2 nội dung chính:  
520 # # |a Nội dung thứ nhất bao gồm các kiến thức chung tổng quát về lý thuyết cắt kim loại và các chuyên ngành hợp thành của kỹ thuật gia công cơ. 
520 # # |a Nội dung thứ hai là các kiến thức chuyên sâu mà các cán bộ trung cấp và thợ mài cần nắm vững khi thực hành chuyên môn của mình. 
650 # 4 |a Cơ khí--Mài kim loại